000 00867nam a2200193 a 4500
001 000037276
005 20200930080246.0
008 120321s1984 sp 001 c spa d
020 _a8400056531
040 _aDO-SdBNP
_bspa
_cBNPHU
100 1 _aDiego de Valencia de León
_963703
245 1 0 _aTratados Castellanos sobre la predestinación y sobre la trinidad y la encarnación, del maestro Fray Diego de Valencia (siglo xv) :
_bidentificación de su autoria y edición crítica /
_cIsaac Vazquez Janeiro.
260 _aMadrid :
_bC.S.I.C., Instituto "Francisco Suarez,
_c1984.
300 _a184 p. ;
_c25 cm.
490 1 _aBibliotheca theologica hispana. Serie 2a,
_aTextos
_v2
700 1 _aVázquez Janeiro, Isaac
_963704
710 2 _aConsejo Superior de Investigaciones Científicas
_94786
830 0 _aBibliotheca theologica hispana. Serie 2a,
_ptextos
_v2
_963705
999 _c36766
_d36766